[Event "Sibiria Region-chT"]
[Site "Kemerovo"]
[Date "2007.12.08"]
[Round "2"]
[White "Pushilin, Artem"]
[Black "Gontcharov, Vladimir"]
[Result "0-1"]
[WhiteElo "2146"]
[BlackElo "2223"]
[PlyCount "92"]
[EventDate "2007.12.07"]
[EventType "team"]
[EventRounds "7"]
[EventCountry "RUS"]
[SourceTitle "CBM 122 Extra"]
[Source "ChessBase"]
[SourceDate "2008.03.04"]
[SourceVersion "1"]
[SourceVersionDate "2008.03.04"]
[SourceQuality "1"]

1. d4 Nf6 2. Nf3 d5 3. Bg5 Ne4 4. Bf4 c6 5. Nbd2 Bf5 6. c3 Nd7 7. e3 e6 8. Nxe4 Bxe4 9. Nd2 Bg6 10. Qb3 Qb6 11. c4 f6 12. c5 Qxb3 13. axb3 e5 14. Bg3 a6 15. b4 0-0-0 16. Be2 Re8 17. Nb3 Be7 18. Kd2 Bd8 19. b5 cxb5 20. Rhc1 Nb8 21. dxe5 fxe5 22. Bg4+ Kc7 23. h4 Nc6 24. Nd4 Bf7 25. Ra2 Bf6 26. Raa1 h5 27. Be2 g5 28. hxg5 Bxg5 29. Nf5 Bg6 30. Nh4 Bf7 31. Nf5 h4 32. Nd6 Ref8 33. Bh2 Bh5 34. Bxh5 Rxh5 35. f4 Be7 36. fxe5 Nxe5 37. Rf1 Rxf1 38. Rxf1 Bxd6 39. cxd6+ Kxd6 40. Rf8 Kc5 41. Bxe5 Rxe5 42. Rc8+ Kb4 43. Kd3 Rg5 44. Rc2 Kb3 45. Rf2 a5 46. Kd4 b4 0-1